[Event "Madrid-ch"]
[Site "Madrid"]
[Date "2014.02.21"]
[Round "6"]
[White "Munoz Cebey, Ricardo"]
[Black "Martinez Rubio, Felipe"]
[Result "1/2-1/2"]
[WhiteElo "1878"]
[BlackElo "1805"]
[PlyCount "89"]
[EventDate "2014.02.06"]
[EventType "swiss"]
[EventRounds "9"]
[EventCountry "ESP"]
[SourceTitle "CBM 159 Extra"]
[Source "ChessBase"]
[SourceDate "2014.04.24"]
[SourceVersion "1"]
[SourceVersionDate "2014.04.24"]
[SourceQuality "1"]

1. c4 c5 2. Nf3 Nc6 3. Nc3 g6 4. g3 Bg7 5. Bg2 e6 6. d3 Nge7 7. 0-0 0-0 8. Bd2 d5 9. cxd5 exd5 10. Rc1 b6 11. h3 h6 12. Re1 Be6 13. b3 Rc8 14. e4 dxe4 15. dxe4 Qd7 16. Qe2 Bxh3 17. Red1 Bxg2 18. Kxg2 Qg4 19. Qc4 Rcd8 20. Nd5 Nxd5 21. exd5 Qxf3+ 22. Kxf3 Ne5+ 23. Ke2 Nxc4 24. bxc4 Rfe8+ 25. Kd3 h5 26. a4 Bd4 27. Be3 Bxe3 28. fxe3 f5 29. Rb1 Rd6 30. Rf1 Re4 31. Rf4 Rxf4 32. exf4 Kf7 33. Rb2 Kf6 34. Rh2 Rd7 35. Re2 Re7 36. Rxe7 Kxe7 37. Ke3 Kd6 38. Kd3 a6 39. Kc3 Ke7 40. Kd3 Kf6 41. Ke3 Kf7 42. Ke2 Ke7 43. Kd3 Kd7 44. Kc3 Kd6 45. Kd3 1/2-1/2

[Event "Madrid-ch"]
[Site "Madrid"]
[Date "2014.02.06"]
[Round "1"]
[White "Martinez Carrasco, Jesus"]
[Black "Martinez Rubio, Felipe"]
[Result "0-1"]
[WhiteElo "1586"]
[BlackElo "1805"]
[PlyCount "66"]
[EventDate "2014.02.06"]
[EventType "swiss"]
[EventRounds "9"]
[EventCountry "ESP"]
[SourceTitle "CBM 159 Extra"]
[Source "ChessBase"]
[SourceDate "2014.04.24"]
[SourceVersion "1"]
[SourceVersionDate "2014.04.24"]
[SourceQuality "1"]

1. d4 d5 2. c4 e6 3. e3 Nf6 4. Nf3 Bd6 5. Nc3 0-0 6. Bd3 c6 7. 0-0 Nbd7 8. Qc2 h6 9. Bd2 b6 10. e4 dxe4 11. Nxe4 Nxe4 12. Bxe4 Bb7 13. Rad1 Nf6 14. Bd3 c5 15. Be2 Qc7 16. h3 Rad8 17. Bc3 Ne4 18. dxc5 Nxc3 19. cxd6 Nxe2+ 20. Qxe2 Rxd6 21. Qe5 Rfd8 22. Nd4 Qxc4 23. b3 Qd5 24. Qg3 Qc5 25. Nxe6 fxe6 26. Rc1 Qd5 27. Rc7 R6d7 28. Rfc1 Rxc7 29. Rxc7 Rd7 30. Rc1 Qd2 31. Rc7 Rxc7 32. Qxc7 Qd5 33. f3 Qc5+ 0-1

[Event "Madrid-ch Previa-A"]
[Site "Madrid"]
[Date "2013.02.20"]
[Round "9"]
[White "Ruiz Quevedo, Andres"]
[Black "Martinez Rubio, Felipe"]
[Result "1-0"]
[WhiteElo "1917"]
[BlackElo "1826"]
[PlyCount "101"]
[EventDate "2013.02.04"]
[EventType "swiss"]
[EventRounds "9"]
[EventCountry "ESP"]
[SourceTitle "EXT 2018"]
[Source "ChessBase"]
[SourceDate "2017.10.13"]
[SourceVersion "1"]
[SourceVersionDate "2017.10.13"]
[SourceQuality "1"]

1. b3 d5 2. Nf3 c5 3. e3 Nc6 4. Bb5 a6 5. Bxc6+ bxc6 6. Nc3 Bg4 7. Na4 e6 8. Ba3 Qa5 9. Qc1 Bxf3 10. gxf3 Nf6 11. Rg1 Rb8 12. Qb2 Nd7 13. Rxg7 Bxg7 14. Qxg7 Ke7 15. Qg5+ Kd6 16. 0-0-0 f6 17. Qh4 Kc7 18. d4 c4 19. Qg3+ Kb7 20. Qd6 Rhd8 21. Qxe6 cxb3 22. axb3 Rbc8 23. Kb2 Qb5 24. Rg1 Ka8 25. Rg7 Nb6 26. Nxb6+ Qxb6 27. Bc5 Qb8 28. Qe7 Re8 29. Qf7 Rf8 30. Bxf8 Rxf8 31. Qd7 Qb6 32. Rxh7 a5 33. Qc7 Rb8 34. Qxb6 Rxb6 35. Rf7 a4 36. Rxf6 axb3 37. cxb3 Kb7 38. h4 Kc7 39. h5 Rb8 40. h6 Rh8 41. Rf7+ Kd6 42. h7 Ke6 43. Rg7 Kf6 44. Rb7 Kg6 45. Ka3 Kf5 46. Kb4 Ke6 47. Kc5 Rc8 48. Rg7 Rh8 49. Kxc6 Rc8+ 50. Kb7 Rh8 51. b4 1-0

[Event "Madrid-ch Previa-A"]
[Site "Madrid"]
[Date "2013.02.19"]
[Round "8"]
[White "Tsakas, Nikolaos"]
[Black "Martinez Rubio, Felipe"]
[Result "0-1"]
[WhiteElo "1720"]
[BlackElo "1826"]
[PlyCount "108"]
[EventDate "2013.02.04"]
[EventType "swiss"]
[EventRounds "9"]
[EventCountry "ESP"]
[SourceTitle "EXT 2018"]
[Source "ChessBase"]
[SourceDate "2017.10.13"]
[SourceVersion "1"]
[SourceVersionDate "2017.10.13"]
[SourceQuality "1"]

1. e4 e6 2. d4 d5 3. e5 c5 4. c3 Nc6 5. Nf3 Qb6 6. Be2 Bd7 7. 0-0 Nge7 8. dxc5 Qxc5 9. Be3 Qa5 10. Bd4 Ng6 11. Bd3 Nxd4 12. cxd4 Qb6 13. Nc3 Nf4 14. Rb1 Nxd3 15. Qxd3 Be7 16. b4 0-0 17. a3 Rac8 18. Rfc1 Rc4 19. Ne2 Rfc8 20. Rxc4 Rxc4 21. Nd2 Rc8 22. Rc1 Rxc1+ 23. Nxc1 a5 24. Nf3 axb4 25. axb4 Qxb4 26. Qb3 b5 27. Qxb4 Bxb4 28. Kf1 Ba5 29. Ke2 b4 30. Nb3 Bb5+ 31. Kd2 Bd8 32. Nc5 Bc4 33. Kc2 Bb6 34. Nd2 Bxc5 35. dxc5 Kf8 36. Nb3 Ke7 37. Nd4 Kd7 38. f4 h5 39. f5 exf5 40. Nxf5 g5 41. Nd4 Kc7 42. e6 f6 43. e7 Kd7 44. Nf5 h4 45. c6+ Ke8 46. c7 Ba6 47. Kb3 d4 48. Kxb4 Bc8 49. Nd6+ Kxe7 50. Nxc8+ Kd7 51. Nb6+ Kxc7 52. Nd5+ Kd6 53. Kc4 Ke5 54. Kd3 Kxd5 0-1

[Event "Madrid-ch Previa-A"]
[Site "Madrid"]
[Date "2013.02.12"]
[Round "5"]
[White "Martinez Rubio, Felipe"]
[Black "Martinez Miura, Enrique"]
[Result "1-0"]
[WhiteElo "1826"]
[BlackElo "1733"]
[PlyCount "35"]
[EventDate "2013.02.04"]
[EventType "swiss"]
[EventRounds "9"]
[EventCountry "ESP"]
[SourceTitle "EXT 2015"]
[Source "ChessBase"]
[SourceDate "2014.11.20"]
[SourceVersion "1"]
[SourceVersionDate "2014.11.20"]
[SourceQuality "1"]

1. d4 e6 2. Nf3 Nf6 3. Bf4 d5 4. e3 Be7 5. Bd3 0-0 6. Nbd2 Nbd7 7. Ne5 Nxe5 8. dxe5 Ne8 9. h4 f6 10. Bxh7+ Kxh7 11. Qh5+ Kg8 12. Nf3 Nd6 13. exd6 Bxd6 14. Ng5 fxg5 15. hxg5 Bxf4 16. exf4 Qe7 17. g6 Qb4+ 18. Kf1 1-0

[Event "Madrid-ch Previa-A"]
[Site "Madrid"]
[Date "2013.02.04"]
[Round "1"]
[White "Martinez Rubio, Felipe"]
[Black "De Mingo Matias, Jose Andres"]
[Result "1-0"]
[WhiteElo "1826"]
[BlackElo "1476"]
[PlyCount "93"]
[EventDate "2013.02.04"]
[EventType "swiss"]
[EventRounds "9"]
[EventCountry "ESP"]
[SourceTitle "EXT 2015"]
[Source "ChessBase"]
[SourceDate "2014.11.20"]
[SourceVersion "1"]
[SourceVersionDate "2014.11.20"]
[SourceQuality "1"]

1. d4 Nf6 2. Nf3 g6 3. c4 Bg7 4. Nc3 d5 5. cxd5 Nxd5 6. e4 Nxc3 7. bxc3 0-0 8. Bc4 c5 9. Bb2 Qa5 10. 0-0 Rd8 11. Qb3 e6 12. Rad1 cxd4 13. cxd4 a6 14. a4 Bd7 15. Ra1 Nc6 16. Bc3 Qc7 17. Rab1 Ne7 18. Rfc1 Rdb8 19. Ba1 Qf4 20. Re1 b5 21. axb5 axb5 22. Bf1 Rb7 23. g3 Qb8 24. Bg2 b4 25. Bb2 Ba4 26. Qe3 Bc2 27. Ra1 Rxa1 28. Rxa1 b3 29. Ne1 Rc7 30. Nd3 Ra7 31. Rxa7 Qxa7 32. Nc1 Qa4 33. Bf1 Nc6 34. e5 Bf8 35. Bd3 Nb4 36. Bc4 Nd5 37. Bxb3 Bxb3 38. Qxb3 Qa5 39. Qd1 Qb4 40. Nd3 Qb5 41. Qc2 Bb4 42. Qb3 Qb6 43. Nxb4 Qxb4 44. Qxb4 Nxb4 45. Kf1 Kf8 46. Ke2 Ke7 47. Ba3 1-0